Top Most Popular Billie Eilish Songs - Statistics

General Stats
  • This quiz has been taken 9 times
  • The average score is 8 of 15
Answer Stats
Hint Answer % Correct
3 bad guy
100%
2 BIRDS OF A FEATHER
89%
1 lovely (with Khalid)
89%
5 ocean eyes
78%
8 Happier Than Ever
67%
10 idontwannabeyouanymore
56%
9 What Was I Made For? (from Barbie)
56%
11 i love you
44%
7 WILDFLOWER
44%
12 Bury a Friend
33%
6 everything i wanted
33%
15 Therefore I Am
33%
4 when the party’s over
33%
14 you should see me in a crown
33%
13 TV
22%
No matching quizzes found
Score Distribution
Percent of People with Each Score
Percentile by Number Answered
Your Score History
You have not taken this quiz